<?xml version="1.0" encoding="UTF-8"?><?xml-stylesheet type="text/xsl" href="static/style.xsl"?><OAI-PMH xmlns="http://www.openarchives.org/OAI/2.0/" xmlns:xsi="http://www.w3.org/2001/XMLSchema-instance" xsi:schemaLocation="http://www.openarchives.org/OAI/2.0/ http://www.openarchives.org/OAI/2.0/OAI-PMH.xsd"><responseDate>2026-04-13T02:37:28Z</responseDate><request verb="GetRecord" identifier="oai:www.recercat.cat:2099.1/11356" metadataPrefix="marc">https://recercat.cat/oai/request</request><GetRecord><record><header><identifier>oai:recercat.cat:2099.1/11356</identifier><datestamp>2025-07-23T06:17:12Z</datestamp><setSpec>com_2072_1033</setSpec><setSpec>col_2072_452951</setSpec></header><metadata><record xmlns="http://www.loc.gov/MARC21/slim" xmlns:dcterms="http://purl.org/dc/terms/" xmlns:xsi="http://www.w3.org/2001/XMLSchema-instance" xmlns:doc="http://www.lyncode.com/xoai" xsi:schemaLocation="http://www.loc.gov/MARC21/slim http://www.loc.gov/standards/marcxml/schema/MARC21slim.xsd">
   <leader>00925njm 22002777a 4500</leader>
   <datafield ind2=" " ind1=" " tag="042">
      <subfield code="a">dc</subfield>
   </datafield>
   <datafield ind2=" " ind1=" " tag="720">
      <subfield code="a">Sàbat Molina, Miquel</subfield>
      <subfield code="e">author</subfield>
   </datafield>
   <datafield ind2=" " ind1=" " tag="260">
      <subfield code="c">2009</subfield>
   </datafield>
   <datafield ind2=" " ind1=" " tag="520">
      <subfield code="a">La disponibilidad de energía es una necesidad básica para el desarrollo de las personas.&#xd;
Actualmente, en muchos lugares del planeta hay gente que no dispone de un abastecimiento&#xd;
adecuado. A parte, el hecho de que en muchos casos las fuentes de energía estén alejadas de&#xd;
los puntos de consumo hace el sistema energéticamente ineficiente. El costo del petróleo&#xd;
marca nuestras vidas. Un aumento su valor, implica una subida de precios general.&#xd;
Históricamente ha habido fluctuaciones en su valor, pero cada vez más, aparecen picos del&#xd;
precio, transmitiendo incertidumbre. Se han hecho numerosos estudios para calcular cuando&#xd;
se acabará la extracción de esta materia, y tarde o temprano llegara este momento.&#xd;
En la cuestión ambiental no estamos mucho mejor (todo está enlazado). Las emisiones de&#xd;
CO2 y otros gases extremadamente altas provocan un sinfín de problemas. Es por eso que&#xd;
se han de ir buscando nuevas fuentes de energía, que además sean más limpias.&#xd;
En muchos lugares se ha introducido el negocio de los agrocombustibles a gran escala&#xd;
como solución, con consecuencias negativas como el aumento del precio de los alimentos,&#xd;
la pérdida de biodiversidad, desplazando comunidades…&#xd;
Anualmente se vierten millones de litros de aceite usado por los desagües, provocando la&#xd;
contaminación de las aguas. Este proyecto plantea una alternativa a pequeña escala para&#xd;
sustituir parte del consumo de energía fósil mediante la revalorización de un residuo como&#xd;
es el aceite de cocina usado para obtener biodiesel destinado al autoconsumo, haciendo&#xd;
funcionar los tractores de la cooperativa donde se hace el estudio. Supone un pequeño paso&#xd;
para llegar a una soberanía energética de la comunidad y así no depender tanto de los&#xd;
combustibles fósiles, siendo más autosuficientes.</subfield>
   </datafield>
   <datafield ind2=" " ind1=" " tag="520">
      <subfield code="a">Outgoing</subfield>
   </datafield>
   <datafield tag="653" ind2=" " ind1=" ">
      <subfield code="a">Àrees temàtiques de la UPC::Energies::Recursos energètics renovables::Biocombustibles</subfield>
   </datafield>
   <datafield tag="653" ind2=" " ind1=" ">
      <subfield code="a">Àrees temàtiques de la UPC::Desenvolupament humà i sostenible::Desenvolupament sostenible::Energia i sostenibilitat</subfield>
   </datafield>
   <datafield tag="653" ind2=" " ind1=" ">
      <subfield code="a">Biomass energy</subfield>
   </datafield>
   <datafield tag="653" ind2=" " ind1=" ">
      <subfield code="a">Rural development</subfield>
   </datafield>
   <datafield tag="653" ind2=" " ind1=" ">
      <subfield code="a">Biocombustibles</subfield>
   </datafield>
   <datafield tag="653" ind2=" " ind1=" ">
      <subfield code="a">Desenvolupament rural</subfield>
   </datafield>
   <datafield ind2="0" ind1="0" tag="245">
      <subfield code="a">Propuesta de utilización de biocombustibles como solución energética en pequeñas ciudades rurales</subfield>
   </datafield>
</record></metadata></record></GetRecord></OAI-PMH>